| 000 | 02610nkm0a2200433 4500 | ||
|---|---|---|---|
| 001 | RU\NLR\BIBL_A\016335413 | ||
| 005 | 20260601080658.0 | ||
| 035 | _a(NLR Aleph) 016335413 | ||
| 090 |
_a13314951 _c13314951 |
||
| 100 | _a20230405f18941917|||y0rusy50 ca | ||
| 101 | 0 | _arus | |
| 102 | _aRU | ||
| 116 | _aiiycxx bf zz | ||
| 135 | _acrcn 024anaba | ||
| 181 | 0 |
_ab4 _bxb2e |
|
| 182 | 0 | _an | |
| 200 | 1 |
_aЕе Императорское Величество Государыня Императрица Александра Феодоровна _e[лубок] |
|
| 203 |
_aИзображение _bнеподвижное _bдвухмерное _bвизуальное _cнепосредственное |
||
| 210 |
_aОдесса _cИздание Акц. О-ва Н. Т. Корчак-Новицкаго _d[между 1894 и 1917] _eОдесса: Киев _gХромо-литография А-го О-ва Н. Т. Корчак-Новицкаго |
||
| 215 |
_a1 л. _cхромолитография _d15,1х11,4 ; 16х11,2 |
||
| 300 | _aЦенз. разрешение: Разр. Воен. Цензурн. Комитет. Штаба Одесск. воен. округа | ||
| 325 | _aКопия доступна в Электрон. б-ке РНБ | ||
| 327 | 1 | _aПортрет погрудный, 3/4 влево | |
| 540 | 1 | _aПортрет императрицы Александры Федоровны | |
| 600 | 0 |
_aАлександра Федоровна _cимператрица российская _f1872 - 1918 _3RU\NLR\AUTH\661232258 _92054877 |
|
| 606 | 1 |
_aЛубок русский _z19 - 20 вв. _92155303 _3RU\NLR\AUTH\661602290 |
|
| 606 | 1 |
_aХромолитография _91512039 _3RU\NLR\AUTH\66656472 |
|
| 686 | 1 | _aЩ153(2Р=Рус)0-465 | |
| 702 | 0 |
_4570 _7ca _8rus _aАлександра Федоровна _cимператрица российская _f1872-1918 _9118375 _3RU\NLR\AUTH\778470 |
|
| 712 | 0 | 2 |
_4650 _4610 _aАкционерное общество печатного и издательского дела Н. Т. Корчак-Новицкого _bХромо-литография _cКиев _9532918 _3RU\NLR\AUTH\880434269 |
| 852 | 0 | 0 |
_aNLR _bЭ _jЛП/1-А462-II _mинв.3557 |
| 942 | _cVISUAL | ||
| 980 | _aNB | ||
| 981 | 2 | 2 |
_a(22) Материалы по истории России _b(22) Российский императорский дом |
| 981 | 1 | 7 |
_a(17) Изографические материалы _b(17) Эстампы |